| 000 | 00733nam a2200217 i 4500 | ||
|---|---|---|---|
| 001 | 61016 | ||
| 003 | ES-MaACL | ||
| 005 | 20250902114315.0 | ||
| 007 | t| | ||
| 008 | 031110s1984 cl ||||1| spa d | ||
| 245 | 0 | 0 | _aEstudios en memoria de Jorge Millas. |
| 260 |
_aValparaíso : _bSociedad Chilena de Filosofía Jurídica y Social, _c1984. |
||
| 300 |
_a339 p. ; _c22 cm. |
||
| 490 | 1 |
_aAnuario de filosofía jurídica y social ; _v2, 1984 |
|
| 600 | 1 | 4 |
_aMillas, Jorge. _9171231 |
| 650 | 4 |
_aDerecho- _xFilosofía _911620 |
|
| 710 | 2 |
_aSociedad Chilena de Filosofía Jurídica y Social _96651 |
|
| 830 | 1 |
_aAnuario de filosofía jurídica y social ; _v2, 1984 _9230579 |
|
| 852 |
_aES-MaACL _jL-8744 |
||
| 999 |
_c61016 _d61016 |
||